XIV International Cotton Congress at Barcelona : list of delegates and programme list of delegates and programme
Descripción Física:
35 p. ; 25 p.
Materias:
Cotó -- Congressos
MARC
| LEADER | 00000nam a2200000Ia 4500 | ||
|---|---|---|---|
| 001 | 16444 | ||
| 008 | 160829s1929 xx 000 0 cat d | ||
| 080 | |a 3927, exp. 623 | ||
| 100 | |a Congreso Internacional Algodonero (14è : 1929 : Barcelona) |9 48159 | ||
| 245 | |a XIV International Cotton Congress at Barcelona : |b list of delegates and programme | ||
| 260 | |a Manchester : |b Taylor Garnett Evans, |c 1929 | ||
| 300 | |a 35 p. ; |c 25 p. | ||
| 650 | |a Cotó |x Congressos |9 48163 | ||
| 901 | |a Arxiu | ||
| 942 | |n 1 | ||
| 952 | |0 0 |1 0 |4 0 |6 3927_EXP_623 |7 1 |9 54357 |a Arxiu |b Arxiu |d 2016-12-01 |l 0 |o 3927, exp. 623 |p 16444 |r 2016-12-01 00:00:00 |w 2016-12-01 |y ARXIU | ||
| 999 | |c 58226 |d 58226 | ||